Statistics for Guess the Taylor Swift song with no hint 97

Click here to take the quiz!

General Stats

  • This quiz has been taken 317 times
  • The average score is 197 of 236

Answer Stats

Answer% Correct
I
100%
A
99%
a
99%
You
99%
you
99%
and
98%
And
98%
the
98%
The
98%
me
97%
your
97%
it
96%
in
95%
on
95%
you're
95%
when
94%
be
93%
at
91%
can
91%
It's
91%
Like
91%
no
91%
they
91%
They
91%
What
91%
what
91%
Don't
90%
don't
90%
Dont
90%
For
90%
for
90%
That
90%
that
90%
this
90%
can't
89%
know
89%
but
88%
But
88%
see
88%
So
88%
with
88%
would
88%
just
87%
time
86%
are
85%
thing
85%
by
84%
that's
84%
baby
83%
him
83%
Look
83%
made
83%
one
83%
about
82%
out
82%
affairs
81%
illicit
81%
times
81%
You'll
81%
well
80%
call
79%
from
79%
kid
79%
little
79%
mess
79%
million
79%
down
78%
show
78%
speak
78%
Tell
78%
anyone
77%
colors
77%
else
77%
eyes
77%
lie
77%
showed
77%
wanna
77%
damn
76%
fool
76%
idiotic
76%
myself
76%
ruin
76%
their
76%
first
75%
friends
75%
language
75%
Leave
75%
leave
75%
scream
75%
always
74%
even
74%
godforsaken
74%
meetings
74%
run
74%
Take
74%
taught
74%
only
73%
secret
73%
stares
73%
dies
72%
head
72%
Make
72%
return
72%
single
72%
flushed
71%
keep
71%
clandestine
70%
few
70%
lots
70%
parking
70%
picked
70%
shelf
70%
Ends
69%
exist
69%
hundred
69%
longing
69%
perfume
69%
started
69%
stolen
69%
stop
69%
truth
69%
beautiful
68%
behind
68%
over
68%
sure
68%
trace
68%
high
67%
less
67%
road
67%
rooms
67%
sees
67%
words
67%
yourself
67%
drug
66%
nobody
66%
traveled
66%
worked
66%
born
64%
Hood
63%
glance
62%
dwindling
61%
mercurial
61%

Score Distribution

Percentile by Number Answered

Percent of People with Each Score

Your Score History

You have not taken this quiz